|
|
|
|
| LEADER |
01676nam a2200373 i 4500 |
| 001 |
EBC1911879 |
| 003 |
MiAaPQ |
| 005 |
20220520161028.0 |
| 006 |
m o d | |
| 007 |
cr cnu|||||||| |
| 008 |
220520s2010 dcu o 000 0 spa d |
| 020 |
|
|
|a 9781498339001
|q (electronic bk.)
|
| 035 |
|
|
|a (MiAaPQ)EBC1911879
|
| 035 |
|
|
|a (Au-PeEL)EBL1911879
|
| 035 |
|
|
|a (OCoLC)899942233
|
| 040 |
|
|
|a MiAaPQ
|b eng
|e rda
|e pn
|c MiAaPQ
|d MiAaPQ
|
| 050 |
|
4 |
|a HG3851
|b .G467 2010
|
| 082 |
0 |
|
|a 332.45
|2 23
|
| 100 |
1 |
|
|a Ghosh, Atish R.,
|e author.
|
| 245 |
1 |
4 |
|a Los regimenes de tipo de cambio y la estabilidad del sistema monetario internacional /
|c Atish R. Ghosh, Charalambos G. Tsangarides, Jonathan David Ostry.
|
| 264 |
|
1 |
|a Washington, District of Columbia :
|b International Monetary Fund,
|c [2010]
|
| 264 |
|
4 |
|c Ã2010
|
| 300 |
|
|
|a 1 online resource (26 pages)
|
| 336 |
|
|
|a text
|b txt
|2 rdacontent
|
| 337 |
|
|
|a computer
|b c
|2 rdamedia
|
| 338 |
|
|
|a online resource
|b cr
|2 rdacarrier
|
| 588 |
|
|
|a Description based on print version record.
|
| 590 |
|
|
|a Electronic reproduction. Ann Arbor, MI : ProQuest, 2018. Available via World Wide Web. Access may be limited to ProQuest affiliated libraries.
|
| 650 |
|
0 |
|a Foreign exchange.
|
| 655 |
|
4 |
|a Electronic books.
|
| 700 |
1 |
|
|a Tsangarides, Charalambos G.,
|e author.
|
| 776 |
0 |
8 |
|i Print version:
|a Ghosh, Atish R.
|t Regimenes de tipo de cambio y la estabilidad del sistema monetario internacional.
|d Washington, District of Columbia : International Monetary Fund, c2010
|h 26 pages
|z 9781589069312
|
| 797 |
2 |
|
|a ProQuest (Firm)
|
| 856 |
4 |
0 |
|u https://ebookcentral.proquest.com/lib/matrademy/detail.action?docID=1911879
|z Click to View
|